[Event "Ruhrhalbinsel op"]
[Site "Essen"]
[Date "2006.05.26"]
[Round "4"]
[White "Racherbaeumer, Marcel"]
[Black "Noelle, Volker"]
[Result "1-0"]
[WhiteElo "2239"]
[BlackElo "1991"]
[PlyCount "31"]
[EventDate "2006.05.24"]
[EventType "swiss"]
[EventRounds "7"]
[EventCountry "GER"]
[SourceTitle "EXT 2007"]
[Source "ChessBase"]
[SourceDate "2006.11.23"]
[SourceVersion "1"]
[SourceVersionDate "2006.11.23"]
[SourceQuality "1"]

1. e4 d5 2. exd5 Qxd5 3. Nc3 Qd8 4. d4 Nf6 5. Bg5 h6 6. Bh4 Bg4 7. Be2 Bxe2 8. Qxe2 Nbd7 9. d5 g5 10. Bg3 Nb6 11. 0-0-0 Kd7 12. Qf3 Kc8 13. Nb5 Ne8 14. Qxf7 Qd7 15. Be5 Nf6 16. Nxc7 1-0

[Event "Oberhausen op 11th"]
[Site "Oberhausen"]
[Date "2006.04.15"]
[Round "4.3"]
[White "Sokalska, Viktorija"]
[Black "Racherbaeumer, Marcel"]
[Result "0-1"]
[WhiteElo "1985"]
[BlackElo "2239"]
[PlyCount "54"]
[EventDate "2006.04.13"]
[EventType "swiss"]
[EventRounds "7"]
[EventCountry "GER"]
[SourceTitle "CBM 111 Extra"]
[Source "ChessBase"]
[SourceDate "2006.05.09"]
[SourceVersion "1"]
[SourceVersionDate "2006.05.09"]
[SourceQuality "1"]

1. e4 e6 2. d4 d5 3. exd5 Qxd5 4. Nf3 b6 5. Bd3 Bb7 6. c4 Qd8 7. Nc3 Nf6 8. Be3 Be7 9. 0-0 0-0 10. Qe2 c5 11. Rad1 cxd4 12. Bxd4 Qc8 13. Ng5 Nbd7 14. Nge4 Nxe4 15. Nxe4 Qc6 16. f4 f5 17. Nd2 Nc5 18. Nf3 Nxd3 19. Qxd3 Rac8 20. b3 Rfd8 21. Qe2 h6 22. Rfe1 Bb4 23. Ne5 Qe4 24. Qxe4 fxe4 25. Rf1 Rxd4 26. Rxd4 Bc5 27. Rfd1 Rd8 0-1